| Tag |
First Indicator |
Second Indicator |
Subfields |
| LEADER |
00000cam a2200000 a 4500 |
| 001 |
in00000418113 |
| 005 |
20151012053738.0 |
| 008 |
860304m19859999enkh 00010 enm d |
| 020 |
|
|
|a 0197222900 (v. 1)
|
| 035 |
|
|
|a (OCoLC)13226564
|
| 035 |
|
|
|9 ABU5419AM
|
| 040 |
|
|
|a EUN
|c EUN
|d VYS
|d LDL
|d NGU
|d TXA
|d UtOrBLW
|
| 041 |
1 |
|
|a enm
|h fro
|
| 049 |
|
|
|a TXAM
|v 1 [A09530774]
|v 2 [A11918970]
|
| 090 |
|
|
|a PR1119
|b .A2 no.288, etc.
|
| 100 |
0 |
|
|a Guillaume,
|c de Deguileville,
|d active 14th century.
|
| 240 |
1 |
3 |
|a Le pelerinage de la vie humaine.
|l English (Middle English)
|
| 245 |
1 |
4 |
|a The pilgrimage of the lyfe of the manhode /
|c translated anonymously into prose from the First Recension of Guillaume de Deguileville's poem Le pelerinage de la vie humaine.
|
| 264 |
|
1 |
|a London ;
|a New York :
|b published for the Early English Text Society by Oxford University Press,
|c 1985-
|
| 300 |
|
|
|a volumes ;
|c 23 cm.
|
| 336 |
|
|
|a text
|b txt
|2 rdacontent
|
| 337 |
|
|
|a unmediated
|b n
|2 rdamedia
|
| 338 |
|
|
|a volume
|b nc
|2 rdacarrier
|
| 490 |
1 |
|
|a Early English Text Society ;
|v no. 288, 292
|
| 505 |
1 |
|
|a v. 1. Introduction and text / edited by Avril Henry.
|
| 700 |
1 |
|
|a Henry, Avril.
|
| 830 |
|
0 |
|a Early English Text Society (Series) ;
|v 288.
|
| 830 |
|
0 |
|a Early English Text Society (Series) ;
|v 292.
|
| 999 |
|
|
|a MARS
|
| 999 |
f |
f |
|s 3d486264-1147-3824-9771-f8f83dbc50be
|i 641b9461-8637-356f-beb2-5691664b0043
|t 0
|
| 952 |
f |
f |
|p normal
|a Texas A&M University
|b College Station
|c Sterling C. Evans Library
|d Evans: Library Stacks
|t 0
|e PR1119 .A2 no.288, etc.
|h Library of Congress classification
|i unmediated -- volume
|k v.1
|m A14809530774
|
| 952 |
f |
f |
|p normal
|a Texas A&M University
|b College Station
|c Sterling C. Evans Library
|d Evans: Library Stacks
|t 0
|e PR1119 .A2 no.288, etc.
|h Library of Congress classification
|i unmediated -- volume
|k v.2
|m A14811918970
|
| 998 |
f |
f |
|a PR1119 .A2 no.288, etc.
|s v.2=no.292
|t 0
|l Evans: Library Stacks
|